| 000 | 00444nam a22001697a 4500 | ||
|---|---|---|---|
| 003 | NUST - PNEC | ||
| 005 | 20170116180917.0 | ||
| 008 | 150904b xxu||||| |||| 00| 0 eng d | ||
| 020 | _a0205112919 | ||
| 040 | _cLIBRARY | ||
| 082 | _a620.72 JAC | ||
| 100 |
_97489 _a Jacquot, Raymond G |
||
| 245 |
_aIntroduction to engineering systems _c Jacquot, Raymond G |
||
| 260 | _cc 1988 | ||
| 650 |
_97490 _aSystem analysis _xEE/EL |
||
| 942 |
_2ddc _cBK |
||
| 999 |
_c65484 _d65484 |
||